More or Less Lethal than Caffeine? - Statistics

General Stats
  • This quiz has been taken 10 times
  • The average score is 5 of 10
Answer Stats
Question Answer % Correct
Cannabidiol (CBD) Less Lethal
80%
Nicotine More Lethal
80%
Sucrose Less Lethal
70%
Ibuprofen Less Lethal
60%
Paracetamol Less Lethal
50%
Aspirin Less Lethal
40%
Capsaicin More Lethal
40%
Formaldehyde Less Lethal
30%
Ethanol Less Lethal
10%
Gasoline Less Lethal
10%
No matching quizzes found
Score Distribution
Percent of People with Each Score
Percentile by Number Answered
Your Score History
You have not taken this quiz